LEADER 00841nam0-22003131i-450- 001 990000356630403321 005 20001010 010 $a0-387-96887-3 035 $a000035663 035 $aFED01000035663 035 $a(Aleph)000035663FED01 035 $a000035663 100 $a20001010d--------km-y0itay50------ba 101 0 $aita 105 $ay-------001yy 200 1 $aTURBULENT reactive flows$fR. Borghi, S.N.B. Murthy editors. 210 $aNew York$cSpringer-Verlag$d1989 215 $aVIII,950 pp. ill. 24 cm 225 1 $aLecture notes in engineering$v40 676 $a620.1'064 702 1$aBorghi,$bRoland 702 1$aMurthy,$bS.N.B. 801 0$aIT$bUNINA$gRICA$2UNIMARC 901 $aBK 912 $a990000356630403321 952 $a04 163-63$bIRC 1713/L$fDINCH 959 $aDINCH 997 $aUNINA DB $aING01 LEADER 02797oam 2200913zu 450 001 996339104303316 005 20221205204212.0 035 $a(CKB)3450000000001581 035 $a(SSID)ssj0000371123 035 $a(PQKBManifestationID)12109961 035 $a(PQKBTitleCode)TC0000371123 035 $a(PQKBWorkID)10379567 035 $a(PQKB)10538844 035 $a(EXLCZ)993450000000001581 100 $a20160829d2008 uy 101 0 $aeng 181 $ctxt 182 $cc 183 $acr 200 10$aCritical thinking in the operating room : skills to assess, analyze, and act 210 31$a[Place of publication not identified]$cHCPro$d2008 300 $aBibliographic Level Mode of Issuance: Monograph 311 $a1-60146-205-0 606 $aOperating room nursing 606 $aPerioperative Care 606 $aComprehensive Health Care 606 $aSpecialties, Nursing 606 $aThinking 606 $aNursing Care 606 $aLearning 606 $aPerioperative Nursing 606 $aNursing Process 606 $aProblem Solving 606 $aDecision Making 606 $aPatient Care 606 $aMental Processes 606 $aPatient Care Management 606 $aHealth Services 606 $aNursing 606 $aPsychological Phenomena 606 $aHealth Occupations 606 $aHealth Services Administration 606 $aTherapeutics 606 $aHealth Care Facilities, Manpower, and Services 606 $aHealth Care 606 $aSurgery & Anesthesiology$2HILCC 606 $aSurgery - General and By Type$2HILCC 606 $aHealth & Biological Sciences$2HILCC 615 0$aOperating room nursing 615 2$aPerioperative Care 615 2$aComprehensive Health Care 615 2$aSpecialties, Nursing 615 2$aThinking 615 2$aNursing Care 615 2$aLearning 615 2$aPerioperative Nursing 615 2$aNursing Process 615 2$aProblem Solving 615 2$aDecision Making 615 2$aPatient Care 615 2$aMental Processes 615 2$aPatient Care Management 615 2$aHealth Services 615 2$aNursing 615 2$aPsychological Phenomena 615 2$aHealth Occupations 615 2$aHealth Services Administration 615 2$aTherapeutics 615 2$aHealth Care Facilities, Manpower, and Services 615 2$aHealth Care 615 7$aSurgery & Anesthesiology 615 7$aSurgery - General and By Type 615 7$aHealth & Biological Sciences 700 $aCohen$b Shelley$01001204 801 0$bPQKB 906 $aBOOK 912 $a996339104303316 996 $aCritical thinking in the operating room : skills to assess, analyze, and act$92358160 997 $aUNISA